[Event "Bad Soden U14 op 5th"]
[Site "Bad Soden"]
[Date "2018.09.30"]
[Round "1.2"]
[White "Akhmatovski, Maxim"]
[Black "Haack, Kevin"]
[Result "0-1"]
[WhiteElo "1056"]
[BlackElo "1870"]
[PlyCount "116"]
[EventDate "2018.09.30"]
[EventType "swiss"]
[EventRounds "7"]
[EventCountry "GER"]
[SourceTitle "EXT 2020"]
[Source "ChessBase"]
[SourceDate "2019.10.17"]
[SourceVersion "1"]
[SourceVersionDate "2019.10.17"]
[SourceQuality "1"]

1. e4 c5 2. Nf3 g6 3. Nc3 Bg7 4. b3 Nc6 5. Bb2 d6 6. Be2 Nf6 7. d3 0-0 8. 0-0 a6 9. a4 Rb8 10. Nd5 Nxd5 11. Bxg7 Kxg7 12. exd5 Nb4 13. c4 Re8 14. d4 b6 15. dxc5 bxc5 16. Qd2 Bf5 17. Qc3+ Kg8 18. Rfe1 Nc2 19. Rad1 Nxe1 20. Rxe1 Qb6 21. Bd1 Qb4 22. Qxb4 Rxb4 23. Re3 Bd7 24. Ng5 h6 25. Ne4 f5 26. Nd2 e6 27. dxe6 Rxe6 28. Rxe6 Bxe6 29. Bf3 Kf7 30. Kf1 Kf6 31. Ke2 Ke5 32. Ke3 d5 33. cxd5 Bxd5 34. Bxd5 Kxd5 35. Kd3 Rd4+ 36. Ke3 g5 37. g3 a5 38. h3 f4+ 39. Ke2 h5 40. Nf3 Re4+ 41. Kd3 g4 42. hxg4 hxg4 43. Ng5 Rd4+ 44. Kc3 f3 45. Nf7 Ke6 46. Ng5+ Kf6 47. Nh7+ Kf5 48. Nf8 Rd8 49. Nh7 Rh8 50. Kc4 Rxh7 51. Kxc5 Ke4 52. b4 axb4 53. Kxb4 Ra7 54. Kb5 Kd3 55. a5 Rxa5+ 56. Kxa5 Ke2 57. Kb4 Kxf2 58. Kc3 Ke2 0-1